Statistics for Top 5 in Europe

Click here to take the quiz!

General Stats

  • This quiz has been taken 155 times
  • The average score is 56 of 60

Answer Stats

Answer% Correct
Apple producer | Biggest in population | Biggest in size | +6 othersRussia
100%
Apple producer | Biggest in population | Biggest in size | +5 othersFrance
100%
Biggest in population | Car manufactor | Military strength | +2 othersUnited Kingdom
100%
Biggest in population | Car manufactor | Military strength | +2 othersGermany
100%
Apple producer | Biggest in population | Highest point | +2 othersItaly
99%
Biggest in size | Car manufactor | Wine producerSpain
99%
Biggest in size | Highest % renewable energy | Oat producerSweden
99%
Highest % renewable energy | Oil producerNorway
97%
Highest % renewable energy | Oat producerFinland
93%
Wine producerPortugal
92%
Apple producer | Oat producer | Rye producerPoland
92%
Apple producer | Biggest in size | Rye producerUkraine
92%
Highest pointSwitzerland
92%
Lowest pointNetherlands
88%
Lowest point | Oil producerDenmark
87%
Highest pointAustria
87%
Highest % renewable energyIceland
79%
Car manufactorCzech Republic
72%
Oil producerRomania
70%
Rye producerBelarus
61%
Lowest pointLithuania
38%
Highest % renewable energyAlbania
29%

Score Distribution

Percentile by Number Answered

Percent of People with Each Score

Your Score History

You have not taken this quiz